Reprezentacje piłkarzy Lecha Poznań 24/25 - Statystyki

Ogólne statystyki
  • Ten quiz został rozwiązany 102 razy
  • Średni wynik to 25 z 26
Statystyki odpowiedzi
Zawodnik Reprezentacja % Poprawnych
Bartosz Mrozek Polska
100%
Filip Bednarek Polska
100%
Maksymilian Pingot Polska
100%
Wojciech Monka Polska
100%
Bartosz Salamon Polska
100%
Michal Gurgul Polska
100%
Antoni Kozubal Polska
100%
Radoslaw Murawski Polska
100%
Sammy Dudek Polska
100%
Filip Jagiello Polska
100%
Tymoteusz Gmur Polska
100%
Kornel Lisman Polska
100%
Joel Pereira Portugalia
100%
Afonso Sousa Portugalia
100%
Alex Douglas Szwecja
100%
Filip Dagerstal Szwecja
100%
Patrik Wålemark Szwecja
100%
Mikael Ishak Szwecja
100%
Ali Gholizadeh Iran
95%
Rasmus Carstensen Dania
94%
Daniel Håkans Finlandia
93%
Gísli Thórdarson Islandia
91%
Antonio Milic Chorwacja
90%
Mario González Hiszpania
89%
Bryan Fiabema Norwegia
88%
Dino Hotic Bośnia i hercegowina
87%
Nie znaleziono quizów pasujących do podanych kryteriów
Rozkład punktacji
Procent ludzi z każdym wynikiem
Percentyl według liczby udzielonych odpowiedzi
Twoja historia wyników
Nie rozwiązałeś tego quizu